L´ autobiographie: écriture de soi et sincérité

Gorde:
Xehetasun bibliografikoak
Egile nagusia: Miraux, Jean-Philippe
Formatua: Liburua
Hizkuntza:Undetermined
Argitaratua: París, Francia Nathan 1996
Gaiak:
Etiketak: Etiketa erantsi
Etiketarik gabe, Izan zaitez lehena erregistro honi etiketa jartzen!

MARC

LEADER 00000nam a2200000Ia 4500
008 170316s9999 xx 000 0 und d
040 |a cru BVZT 
090 |a 801 M-38.1a 
100 |a Miraux, Jean-Philippe 
245 |a L´ autobiographie: écriture de soi et sincérité 
260 |a París, Francia 
260 |b Nathan 
260 |c 1996 
300 |a 128 páginas 
650 |a TEORÍA LITERARIA 
999 |c 5081  |d 5081 
942 |c 15 D  |h 801 M-38.1a  |2 z